000 00312 a2200145 4500
001 151973
040 _cEscola São Tomás de Aquino
240 1 0 _aO livro da fortuna
_lpor
245 1 0 _aO livro da fortuna
300 _a93
362 0 _a1997
440 1 _aFTD
697 _a*LITERATURA JUVENIL
942 _cBK
999 _c151973
_d151973